Big Data Analytics and Machine Intelligence in Biomedical and Health Informatics : Concepts, Methodologies, Tools and Applications /

Guardado en:
Detalles Bibliográficos
Otros autores: Dhal, Sunil Kumar (edición y prefacio) (edición y prefacio)
Formato: Libro
Idioma:Inglés
Publicado: Hoboken, EUA : Wiley, 2022, c2022
Temas:
Acceso en línea:Ver documento en línea
Etiquetas: Agrega una etiqueta
Sin etiquetas, Sé el primero en etiquetar este registro!

MARC

LEADER 00000nam^a22000000a04500
001 000630866
005 20260514000000.0
009 20260526154559.058
020 |a 9781119792369 
037 |a Acervo ITESO - Biblioteca 
041 |a ING 
082 |a 610. 285  |b BIG 
245 0 0 |a Big Data Analytics and Machine Intelligence in Biomedical and Health Informatics :  |b Concepts, Methodologies, Tools and Applications /  |c Ed. de S.K. Dhal... [et al.]. 
264 4 |a Hoboken, EUA :  |b Wiley,  |c 2022, c2022 
264 2 |a Hoboken, EUA :  |b Wiley [distribución],  |c 2025 
300 |a 1 libro electrónico en línea (XIX, 325 p.) 
300 |a 1 recurso en línea 
336 |a datos para computadora  |b cod  |2 rdacontenido 
337 |a computadora  |b c  |2 rdamedio 
338 |a recurso en línea  |b cr  |2 rdasoporte 
506 0 |a Licencias ilimitadas 
521 |a Wiley 2026 EEnlace Departamento de Electrónica, Sistemas e Informática 
649 |a XX 
650 |a Blockchain (Base de Datos) 
650 |a Aprendizaje Automático (Inteligencia Artificial) 
650 |a Inteligencia Artificial 
650 |a Big Data 
650 |a Minería de Datos 
650 |a Informática 
650 |a COVID-19 
650 |a Epidemias 
650 |a Mal de Alzheimer -  |x Diagnóstico 
650 |a Medicina -  |x Aspectos Tecnológicos -  |x Tema Principal 
650 |a Ingeniería Biomédica 
650 |a Ingeniería Computacional 
700 |a Dhal, Sunil Kumar  |e (edición y prefacio) 
856 4 0 |u https://ezproxy.iteso.mx/login?qurl=https%3A%2F%2Fieeexplore.ieee.org%2Fservlet%2Fopac%3Fbknumber%3D10950292  |y Ver documento en línea 
910 |a Fondo General 
920 |a Electrónicos - Libros en Línea 
930 |a Plataforma Digital 
905 |a 205 
901 |a 630866-1  |b IT2  |c EBO  |i C  |u 20260514 
902 |a https://opac.biblio.iteso.mx/vufind/Record/000630866